| 000 | 00968nam a22002297a 4500 | ||
|---|---|---|---|
| 999 |
_c65890 _d65890 |
||
| 005 | 20240530110848.0 | ||
| 008 | 200912s2019 ua a f b 000 0dara d | ||
| 020 | _a97860569742762 | ||
| 040 |
_aEG-CaGPL _cEG-CaGPL |
||
| 082 | 0 | 4 |
_221 _a726.2\ _bهـ ع |
| 100 | 0 | _aهشام فوزى حسنى عبدالعزيز | |
| 245 | 1 | 2 |
_aالعمارة العثمانية الدينية فى مكة المكرمة 923 - 982 هـ 1517 - 1574 م : _bدراسة تاريخية وثائقية / _cهشام فوزى حسنى عبدالعزيز |
| 250 | _aط.1 | ||
| 260 |
_aاستانبول : _bمركز التاريخ العربى للنشر، _c2019 |
||
| 300 |
_a259 ص. ؛ _c24 سم. |
||
| 504 | _aيشتمل على ارجاعات ببليوجرافية | ||
| 650 | 0 | 7 |
_aالعمارة الدينية _2qrmak |
| 650 | 0 | 7 |
_aالعمارة الدينية _zمكة المكرمة |
| 651 | _2qrmak | ||
| 942 |
_2ddc _cBK |
||